Outsourcing podnikových činností vo vybranom podniku bakalárska práca

Guardado en:
Detalles Bibliográficos
Autor principal: Olosová, Nikola
Autor Corporativo: Fakulta podnikového manažmentu EU. Katedra manažmentu
Otros Autores: Mišúnová Hudáková, Ivana, 1976-
Formato: Libro
Lenguaje:eslovaco
Publicado: Bratislava 2017
Etiquetas: Agregar Etiqueta
Sin Etiquetas, Sea el primero en etiquetar este registro!

MARC

LEADER 00000nbm a2200000 4500
001 0232452
005 20171215125207.3
041 0 |a slo 
044 |a SK 
245 1 0 |a Outsourcing podnikových činností vo vybranom podniku  |b bakalárska práca  |c Nikola Olosová ; školiteľ: Ivana Mišúnová Hudáková 
264 1 |a Bratislava  |c 2017 
300 |a 56 s. 
100 1 |a Olosová, Nikola 
700 1 |a Mišúnová Hudáková, Ivana, 1976- 
710 2 |a Fakulta podnikového manažmentu EU. Katedra manažmentu